Metges, cirurgians i apotecaris reusencs dels segles XIII-XVI (Record no. 142657)

MARC details
000 -LEADER
campo de control de longitud fija 01013nam a2200277 i 4500
001 - NÚMERO DE CONTROL
campo de control 142657
003 - IDENTIFICADOR DE NÚMERO DE CONTROL
campo de control ES-MaACL
005 - FECHA Y HORA DE LA ÚLTIMA TRANSACCIÓN
campo de control 20250730233736.0
007 - CAMPO FIJO DE DESCRIPCIÓN FÍSICA--INFORMACIÓN GENERAL
campo de control de longitud fija t|
008 - DATOS DE LONGITUD FIJA--INFORMACIÓN GENERAL
campo de control de longitud fija 071009s1961 sp ||||1| cat d
080 ## - NÚMERO DE LA CLASIFICACIÓN DECIMAL UNIVERSAL
Número de la Clasificación Decimal Universal 61(467.14 Reus)"12/15"
080 ## - NÚMERO DE LA CLASIFICACIÓN DECIMAL UNIVERSAL
Número de la Clasificación Decimal Universal 92:61(467.14 Reus)
100 1# - ENTRADA PRINCIPAL--NOMBRE DE PERSONA
Nombre de persona Vilaseca Anguera, Salvador.
9 (RLIN) 114839
245 10 - MENCIÓN DEL TÍTULO
Título Metges, cirurgians i apotecaris reusencs dels segles XIII-XVI
Resto del título : la cofraria dels Sants Metges de Reus /
Mención de responsabilidad, etc. Salvador Vilaseca Anguera ; práoleg de A. Pedro-Pons.
260 ## - PUBLICACIÓN, DISTRIBUCIÓN, ETC.
Lugar de publicación, distribución, etc. Reus :
Nombre del editor, distribuidor, etc. Asociación de Estudios Reusenses,
Fecha de publicación, distribución, etc. 1961.
300 ## - DESCRIPCIÓN FÍSICA
Extensión 178 p. :
Otras características físicas il. ;
Dimensiones 25 cm.
490 1# - MENCIÓN DE SERIE
Mención de serie Edicions "Rosa de Reus" ;
Designación de volumen o secuencia 25
650 #4 - PUNTO DE ACCESO ADICIONAL DE MATERIA--TÉRMINO DE MATERIA
Término de materia o nombre geográfico como elemento de entrada Médicos-
Subdivisión geográfica Reus.
9 (RLIN) 14943
650 #4 - PUNTO DE ACCESO ADICIONAL DE MATERIA--TÉRMINO DE MATERIA
Término de materia o nombre geográfico como elemento de entrada Farmacéuticos-
Subdivisión geográfica Reus.
9 (RLIN) 12718
650 #4 - PUNTO DE ACCESO ADICIONAL DE MATERIA--TÉRMINO DE MATERIA
Término de materia o nombre geográfico como elemento de entrada Cirujanos-
Subdivisión geográfica Reus.
9 (RLIN) 11060
700 1# - ENTRADA AGREGADA--NOMBRE PERSONAL
Nombre de persona Pedro Pons, A.,
Fechas asociadas al nombre 1898-1971
9 (RLIN) 89929
710 00 - ENTRADA AGREGADA--NOMBRE DE ENTIDAD CORPORATIVA
Nombre de entidad corporativa o nombre de jurisdicción como elemento de entrada Asociación de Estudios Reusenses.
9 (RLIN) 1590
830 0# - PUNTO DE ACCESO ADICIONAL DE SERIE-TÍTULO UNIFORME
Título uniforme Edicions "Rosa de Reus" ;
Designación de volumen o secuencia 25
9 (RLIN) 220502
852 ## - LOCALIZACIÓN
Ubicación ES-MaACL
Número de control de estantería F-14053
Holdings
Estatus retirado Estado de pérdida Estado de daño No para préstamo Biblioteca de origen Biblioteca actual Ubicación en estantería Fecha de adquisición Fuente de adquisición Total de préstamos Signatura topográfica completa Código de barras Visto por última vez Precio de reemplazo Tipo de ítem Koha
        Biblioteca del Ateneo de Madrid Biblioteca del Ateneo de Madrid Sala Pecera Planta 2 17/01/2008     F-14053 1148433 23/02/2023 23/02/2023 Libro impreso